Chemistry : (Record no. 12799)
[ view plain ]
| 000 -LEADER | |
|---|---|
| fixed length control field | 00692pam a2200217 a 4500 |
| 020 ## - INTERNATIONAL STANDARD BOOK NUMBER | |
| ISBN | 0801627281 |
| 040 ## - CATALOGING SOURCE | |
| Transcribing agency | DLC |
| 082 00 - DEWEY DECIMAL CLASSIFICATION NUMBER | |
| Classification number | 540 WCB 1998 A034 Or. |
| 100 1# - MAIN ENTRY--AUTHOR NAME | |
| Personal name | Kelter, Paul B. |
| 245 10 - TITLE STATEMENT | |
| Title | Chemistry : |
| Remainder of title | a world of choices / |
| 246 1# - VARYING FORM OF TITLE | |
| Title proper/short title | Impact |
| 246 1# - VARYING FORM OF TITLE | |
| Title proper/short title | Do you let the world happen to you, or do you make an impact on your world? |
| 250 ## - EDITION STATEMENT | |
| Edition statement | 1st ed. |
| 260 ## - PUBLICATION, DISTRIBUTION, ETC. (IMPRINT) | |
| Place of publication | Boston, Mass. : |
| Name of publisher | WCB/McGraw-Hill, |
| Year of publication | 1998. |
| 300 ## - PHYSICAL DESCRIPTION | |
| Number of Pages | xiv, 589 p. : |
| Other physical details | ill. (some col.) ; |
| Dimensions | 28 cm. |
| 500 ## - GENERAL NOTE | |
| General note | Issued in a box (33 cm.) with book title on spine; one leaf attached to the inside of box. |
| 650 #0 - SUBJECT ADDED ENTRY--TOPICAL TERM | |
| Topical Term | Chemistry. |
| 700 1# - ADDED ENTRY--PERSONAL NAME | |
| Personal name | Carr, James D. |
| 700 1# - ADDED ENTRY--PERSONAL NAME | |
| Personal name | Scott, Andrew, |
| 942 ## - ADDED ENTRY ELEMENTS (KOHA) | |
| Koha item type | សៀវភៅភាសាអង់គ្លេស |
| 952 ## - LOCATION AND ITEM INFORMATION (KOHA) | |
| Withdrawn status [LOCAL, KOHA] | 0 |
| Permanent Location | Date acquired | Koha item type | Lost status | Shelving location | Barcode | Current Location | Full call number |
|---|---|---|---|---|---|---|---|
| Library Block A | 2017-08-17 | សៀវភៅភាសាអង់គ្លេស | A034 | A17911 | Library Block A | 540 WCB 1998 A034 Or. |